| 000 | 00000nam##2200000za#4500 |
| 001 | 9.695720 |
| 003 | CaOODSP |
| 005 | 20230202144025 |
| 007 | cr ||||||||||| |
| 008 | 150407|1998||||xxc|||||o f|0| 0 eng|d |
| 040 | |aCaOODSP|beng |
| 043 | |an-cn--- |
| 086 | 1 |aH72-21/166-1998E-PDF |
| 110 | 2 |aNational Clearinghouse on Family Violence (Canada). |
| 245 | 10|aDemocratizing excellence : |h[electronic resource]|bthe experience of the research centres on family violence and violence against women |
| 260 | |aOttawa - Ontario : |bHealth Canada. |cc1999. |
| 300 | |a37p. |
| 500 | |aThe catalogue number (H72-21/166-1998E) and ISBN (0-662-272296-X) for the print edition have been incorrectly copied in this electronic publication. |
| 590 | |a12-14-Supp|b2012-04-10 |
| 775 | 08|tDémocratisation de l'excellence : |w(CaOODSP)9.640187 |
| 776 | 0#|tDemocratizing excellence : |w(CaOODSP)9.660531 |
| 776 | 0#|tDémocratisation de l'excellence : |w(CaOODSP)9.660532 |
| 856 | 40|ahttp://publications.gc.ca|qPDF|s129 KB|uhttps://publications.gc.ca/collections/Collection/H72-21-166-1998E.pdf |